000 00939nam a2200229 u 4500
001 000020840
005 20200930011156.0
008 100818s1964 sp a 000 0 spa d
040 _aDO-SdBNP
_bspa
_cBPJMB
041 1 7 _aspa
_hger
_2Código de idiomas MARC
082 _a610.9
_bG549d
100 1 _aGlasscheib, H. S.
_943677
240 1 4 _aDas labyrinth der medizin. Irrwege und trimphe der heilkunde.
_lEspañol
245 1 3 _aEl laberinto de la medicina :
_berrores y triunfos de la terapéutica /
_cH. S. Glasscheib ; traducción Emilio Donato Prunera.
260 _aBarcelona, (España) :
_bEdiciones Destino,
_c1964.
300 _a360 p. :
_bil. ;
_c25 cm.
534 _aTítulo de la versión original :
_tDas labyrinth der medizin. Irrwege und trimphe der heilkunde
650 4 _aMedicina
_xHistoria
_918676
650 4 _aMedicina antigua
_943678
650 4 _aLiteratura medica
_943679
700 1 _aDonato Prunera, Emilio,
_etr.
_943680
999 _c20343
_d20343